Every Single Fortnite Jam Track - Statistics

General Stats
  • This quiz has been taken 106 times
    13 since last reset
  • The average score is 239 of 414
Answer Stats
Hint Answer % Correct
Into You | Side to Side | positions | +2 others Ariana Grande
100%
BIRDS OF A FEATHER | CHIHIRO | Happier than Ever - Edit | +7 others Billie Eilish
100%
Believer | Bones | Demons | +3 others Imagine Dragons
100%
Applause | Bad Romance | Bloody Mary | +8 others Lady Gaga
100%
get him back! | good 4 u | vampire Olivia Rodrigo
100%
Blinding Lights | Can’t Feel My Face | Dancing in the Flames | +4 others The Weeknd
100%
Barbie Girl Aqua
88%
Cake by the Ocean DNCE
88%
Kiss Me More | Paint the Town Red | Say So | Woman Doja Cat
88%
American Idiot | Basket Case | Boulevard of Broken Dreams | +3 others Green Day
88%
Armed and Dangerous | Barbarian | Come & Go | +5 others Juice WRLD
88%
Beauty and a Beat | Ghost | What Do You Mean? Justin Bieber
88%
Dark Horse | Firework | Roar Katy Perry
88%
All the Stars | HUMBLE. | i Kendrick Lamar
88%
Party Rock Anthem | Sexy and I Know It LMFAO
88%
Battery | Enter Sandman | Fade to Black | +11 others Metallica
88%
Flowers Miley Cyrus
88%
Counting Stars OneRepublic
88%
Beautiful | Drop It Like It’s Hot | Young, Wild & Free Snoop Dogg
88%
Take on Me a-ha
75%
Adam’s Song | All The Small Things | What’s My Age Again? | YOU DON’T KNOW WHAT YOU’VE GOT Blink-182
75%
24k Magic | Bonde de Brunão | Bruno-San’s Theme Song | +2 others Bruno Mars
75%
Butter | Dynamite BTS
75%
Down with the Sickness | The Sound of Silence Disturbed
75%
Hold Me Closer Elton John
75%
Centuries | My Songs Know What You Did in the Dark (Light ‘Em Up) | Sugar, We’re Going Down | This Ain’t a Scene, It’s an Arms Race Fall Out Boy
75%
Creatures in Heaven | Heat Waves Glass Animals
75%
Feel Good Inc. Gorillaz
75%
Highway Tune Greta Van Fleet
75%
In ha Mood | Oh Shhh… Ice Spice
75%
Lovin on Me | WHATS POPPIN Jack Harlow
75%
CAN’T STOP THE FEELING! | SexyBack Justin Timberlake
75%
Faint | In the End | Numb | +2 others Linkin Park
75%
Beggin’ Måneskin
75%
All I Want For Christmas Is You Mariah Carey
75%
Maps | Moves Like Jagger Maroon 5
75%
Let You Down | The Search NF
75%
Less Than | March of the Pigs | The Hand That Feeds Nine Inch Nails
75%
High Hopes | I Write Sins Not Tragedies Panic! At the Disco
75%
Fireball | Give Me Everything Pitbull
75%
Never Gonna Give You Up Rick Astley
75%
Bed Chem | Espresso | Feather | +4 others Sabrina Carpenter
75%
Single Soon | Wolves Selena Gomez
75%
Leave the Door Open Silk Sonic
75%
Mr. Brightside | Somebody Told Me The Killers
75%
Fell in Love With a Girl | Seven Nation Army The White Stripes
75%
Beautiful Day | I Still Haven’t Found What I’m Looking For | With or Without You U2
75%
Buddy Holly | Say It Ain’t So | Undone - The Sweater Song Weezer
75%
Everybody (Backstreet’s Back) | I Want It That Way Backstreet Boys
63%
Pompeii Bastille
63%
Sabotage Beastie Boys
63%
Beautiful Things Benson Boone
63%
(Don’t Fear) The Reaper | Godzilla Blue Öyster Cult
63%
Toxic | Work Work Britney Spears
63%
Dog Days Are Over Florence + The Machine
63%
All of Me (Tiësto Remix) John Legend
63%
INDUSTRY BABY | MONTERO (Call Me by Your Name) | Old Town Road Lil Nas X
63%
Free Bird Lynyrd Skynyrd
63%
Hot in Herre | Ride wit Me Nelly
63%
FTCU | Starships | Super Bass Nicki Minaj
63%
Breed | Smells Like Teen Spirit Nirvana
63%
Ain’t It Fun | Misery Business | Still into You Paramore
63%
So What P!nk
63%
Better Now | Circles | I Had Some Help | Sunflower Post Malone
63%
Bulls on Parade | Killing in the Name Rage Against the Machine
63%
Blitzkrieg Bop Ramones
63%
Californication | Give it Away | Snow (Hey Oh) Red Hot Chili Peppers
63%
Livin’ la Vida Loca Ricky Martin
63%
Hips Don’t Lie | Whenever, Wherever Shakira
63%
Stitches Shawn Mendes
63%
Cheap Thrills Sia
63%
Black Hole Sun | Fell on Black Days Soundgarden
63%
Zombie The Cranberries
63%
Africa TOTO
63%
Heathens | Next Semester | Overcompensate | Stressed Out Twenty One Pilots
63%
All Eyez on Me | Changes 2Pac
50%
Youngblood 5 Seconds of Summer
50%
Dream On Aerosmith
50%
Would? Alice in Chains
50%
Hail to the King | Nightmare Avenged Sevenfold
50%
Hey Brother | The Nights Avicii
50%
Song 2 Blur
50%
Ain’t No Rest for the Wicked Cage The Elephant
50%
Short Skirt/Long Jacket Cake
50%
Good Luck, Babe! | HOT TO GO! | The Giver Chappell Roan
50%
Apple Charli xcx
50%
Gasolina Daddy Yankee
50%
Panda Desiigner
50%
X Gon’ Give it to Ya DMX
50%
Bandit Don Toliver
50%
September Earth, Wind & Fire
50%
The Final Countdown Europe
50%
Bring Me to Life Evanescence
50%
My House | Right Round | Wild Ones Flo Rida
50%
Best of You | Everlong | The Pretender Foo Fighters
50%
Pumped Up Kicks Foster The People
50%
Somebody That I Used to Know Gotye
50%
Paradise City | Sweet Child O’ Mine | Welcome to the Jungle Guns N’ Roses
50%
Hollaback Girl Gwen Stefani
50%
What is Love Haddaway
50%
Surround Sound JID
50%
Carry on Wayward Son Kansas
50%
CAIRO | OKI DOKI | PROVENZA (REMIX) | +2 others Karol G
50%
Blueberry Faygo Lil Mosey
50%
The Way Life Goes | XO TOUR Llif3 Lil Uzi Vert
50%
I Think I’m OKAY | emo girl | my ex’s best friend Machine Gun Kelly
50%
Me Too Meghan Trainor
50%
I’m Not Okay (I Promise) My Chemical Romance
50%
Just a Girl No Doubt
50%
Alien Boy Oliver Tree
50%
Hey Ya! Outkast
50%
Last Resort Papa Roach
50%
Happy Pharrell Williams
50%
Feel it Still Portugal. The Man
50%
Gangnam Style Psy
50%
Walk this Way Run-DMC
50%
A Bar Song (Tipsy) Shaboozey
50%
Before I Forget | Unsainted Slipknot
50%
Crank That (Soulja Boy) Soulja Boy
50%
Cradles Sub Urban
50%
Fat Lip Sum 41
50%
Toxicity System of a Down
50%
Dynamite Taio Cruz
50%
Dirty Little Secret The All American Rejects
50%
Closer | Don’t Let Me Down The Chainsmokers
50%
redrum 21 Savage
38%
Mood 24kgoldn
38%
Kryptonite 3 Doors Down
38%
if u think i’m pretty Artemas
38%
DÁKITI | MÍA | Tití Me Preguntó Bad Bunny
38%
Airplanes B.o.B.
38%
The Diary of Jane Breaking Benjamin
38%
Call Me Maybe Carly Rae Jepsen
38%
Tubthumping Chumbawamba
38%
What Are You Waiting For d4vd
38%
Sandstorm Darude
38%
All I Do is Win DJ Khaled
38%
Through the Fire and Flames DragonForce
38%
Shivers Ed Sheeran
38%
Stacy’s Mom Fountains of Wayne
38%
abcdefu GAYLE
38%
Too Sweet Hozier
38%
Replay Iyaz
38%
Mi Gente J Balvin
38%
Sucker Jonas Brothers
38%
Seven Jung Kook
38%
Stronger (What Doesn’t Kill You) Kelly Clarkson
38%
Day ‘N’ Nite Kid Cudi
38%
Suddenly I See KT Tunstall
38%
Big Energy Latto
38%
Uptown Funk Mark Ronson
38%
Savage Megan Thee Stallion
38%
Kids MGMT
38%
Hysteria Muse
38%
Closer Ne-Yo
38%
Heartbreaker Pat Benatar
38%
For the Night Pop Smoke
38%
Go with the Flow Queens of the Stone Age
38%
Ruby Soho Rancid
38%
Super Freak Rick James
38%
Dragula Rob Zombie
38%
APT. ROSÉ
38%
Unholy Sam Smith
38%
I Wish Skee-Lo
38%
Santeria | What I Got Sublime
38%
Lose Control Teddy Swims
38%
Blame Brett The Beaches
38%
Friday I’m in Love The Cure
38%
ABC The Jackson 5
38%
Heavy The Marías
38%
Big Poppa | Juicy | Notorious Thugs The Notorious B.I.G.
38%
Someday The Strokes
38%
The Boys Are Back In Town Thin Lizzy
38%
No Scrubs TLC
38%
Nothing’s Alright | Runaway | Timeless Witchgang
38%
C.R.E.A.M. Wu-Tang Clan
38%
IDOL | Monster | The Brave | Yoru Ni Kakeru YOASOBI
38%
afraid 2hollis
25%
You Oughta Know Alanis Morissette
25%
U Should Not Be Doing That Amyl & the Sniffers
25%
Scenario A Tribe Called Quest
25%
My Oh My Ava Max
25%
Who Let the Dogs Out Baha Men
25%
Poison Bell Biv Devoe
25%
I Wanna Get Better Bleachers
25%
Fighter Christina Aguilera
25%
Welcome Home Coheed and Cambria
25%
Decade Dixie Flatline
25%
Basic Being Basic Djo
25%
Broccoli DRAM
25%
Ella Baila Sola Eslabon Armado
25%
Stay Alta Estelle
25%
Like a G6 Far East Movement
25%
Magnetic ILLIT
25%
Liar Jelly Roll
25%
Love Don’t Cost a Thing | On the Floor Jennifer Lopez
25%
Bang Bang Jessie J
25%
Who Jimin
25%
The Middle Jimmy Eat World
25%
Mambo No. 5 (A Little Bit of…) Lou Bega
25%
Make You Mine Madison Beer
25%
Astronaut in the Ocean Masked Wolf
25%
This is How We Do It Montell Jordan
25%
Ballin’ Mustard
25%
Stargazing Myles Smith
25%
Walk ‘em Down NLE Choppa
25%
Stick Season Noah Kahan
25%
Boy’s a Liar Pt. 2 PinkPantheress
25%
Black Beatles Rae Sremmurd
25%
It Takes Two Rob Base
25%
Melt | World is Mine Ryo
25%
Mun Ra Sabotage
25%
2055 Sleepy Hallow
25%
Don’t You Worry Child Swedish House Mafia
25%
Lonely Boy The Black Keys
25%
The Business Tiësto
25%
The Way I Are Timbaland
25%
MILLION DOLLAR BABY Tommy Richman
25%
We Like to Party! (The Vengabus) Vengaboys
25%
Regulate Warren G
25%
Better off Alone Alice Deejay
13%
Miku Anamanaguchi
13%
Takaneno Hanakossn Back Number
13%
Bounce Back Big Sean
13%
Bling-Bang-Bang-Born Creepy Nuts
13%
Insane in the Brain Cypress Hill
13%
No Doubt ENHYPEN
13%
Wild Ones Jessie Murph
13%
Whine Up Kat DeLuna
13%
Get Low Lil Jon
13%
Fly Quavo
13%
M@GICALCURE! LOVE SHOT! SAWTOWNE
13%
Get Busy | Gimme the Light Sean Paul
13%
Party Like a Rock Star Shop Boyz
13%
MakeDamnSure Taking Back Sunday
13%
Pump up the Jam Technotronic
13%
Lean Back Terror Squad
13%
The Middle Zedd
13%
Take over Control Afrojack
0%
Daisy 2.0 Ashnikko
0%
Your Love (9pm) ATB
0%
SLAY! Eternxlkz
0%
NIGHT DANCER Imase
0%
Roses SAINt JHN
0%
Breaking Me Topic
0%
t r a n s p a r e n t s o u l WILLOW
0%
Bust a Move Young MC
0%
No matching quizzes found
Score Distribution
Percent of People with Each Score
Percentile by Number Answered
Your Score History
You have not taken this quiz since the last reset